[Event "15th HIT Open A"]
[Site "Nova Gorica SLO"]
[Date "2010.02.01"]
[Round "3"]
[White "Lazar,Ales ST"]
[Black "Ceschia,I"]
[Result "1/2-1/2"]
[WhiteElo "2128"]
[BlackElo "2279"]

1.e4 c5 2.c3 Nf6 3.e5 Nd5 4.d4 cxd4 5.Nf3 Nc6 6.cxd4 d6 7.Bc4 Nb6 8.Bb5 dxe5
9.Nxe5 Bd7 10.Bxc6 Bxc6 11.Nxc6 bxc6 12.O-O g6 13.Nc3 Bg7 14.Be3 O-O 15.Qf3 Nd5
16.Nxd5 cxd5 17.Qe2 Qd7 18.Rfc1 Rfc8 19.Qd1 Qb5 20.b3 Qb4 21.g3 h5 22.h4 a5
23.Rab1 Rxc1 24.Rxc1 a4 25.Kg2 Bf6 26.Qd3 Kg7 27.Qc3 Rb8 28.bxa4 Qxa4 29.Qc2 Rb4
30.Qc5 e6 31.Qd6 Rc4 32.Rb1 Rc8 33.Rb7 Qc6 34.Qxc6 Rxc6 35.Rb2 Rc4 36.Rd2 Be7
37.Kf3 Bb4 38.Rb2 Kf6 39.Ke2 Ba3 40.Rd2 Kf5 41.Kd3 f6 42.f3 g5 43.hxg5 fxg5
44.g4+ hxg4 45.fxg4+ Kxg4 46.Rg2+ Kf3 47.Rf2+ Kg3 48.Rf6 g4 49.Rxe6 Bb4 50.Re5 Rc3+
51.Ke2 Rc2+ 52.Kd3  1/2-1/2

[Event "ch-ROU m"]
[Site "Baile Olanesti ROU"]
[Date "2010.02.02"]
[Round "4"]
[White "Tufa,M"]
[Black "Doros,R"]
[Result "0-1"]
[WhiteElo "2076"]
[BlackElo "2313"]

1.e4 c5 2.c3 Nf6 3.e5 Nd5 4.d4 cxd4 5.cxd4 d6 6.Nf3 e6 7.Nc3 Nxc3 8.bxc3 Qc7
9.Bd2 Bd7 10.Bd3 Bc6 11.O-O Nd7 12.exd6 Bxd6 13.h3 Bf4 14.Qc1 Bxd2 15.Nxd2 O-O
16.c4 Rac8 17.Be4 Nf6 18.Bxc6 Qxc6 19.Qa3 Rfd8 20.Qd3 Nh5 21.g3 Qd6 22.Nb3 b6
23.Qf3 Nf6 24.Rfc1 Qb4 25.c5 Nd5 26.Qd3 Qa4 27.a3 Ne7 28.Qc4 b5 29.Qxa4 bxa4
30.Na5 Rxd4 31.Rd1 Rxd1+ 32.Rxd1 Nd5 33.c6 Kf8 34.Rd4 Nb6 35.Nc4 Rxc6 36.Nxb6 axb6
37.Rxa4 Ke7 38.Ra7+ Kf6 39.a4 g5 40.a5 bxa5 41.Rxa5 Rc4 42.Kg2 Kg6 43.Ra6 h5
44.Rb6 Kf5 45.Rb7 Kf6 46.Rb5 Kg6 47.Re5 Ra4 48.Rb5 Re4 49.Kf1 Rd4 50.Ke2 Ra4
51.Rb2 h4 52.g4 Ra3 53.f3 Kf6 54.Kf2 Ra6 55.Rc2 Ra4 56.Rb2 Ke5 57.Rb5+ Kf4
58.Rb2 e5 59.Rc2 f6 60.Rb2 Rd4 61.Ra2 Rb4 62.Rc2 Rd4 63.Ra2 Rb4 64.Rc2 f5
65.gxf5 Kxf5 66.Ra2 Kf4 67.Rc2 Rd4 68.Ra2 Rb4 69.Rc2 Ra4 70.Rb2 Rc4 71.Kg2 Ke3
72.Rb3+ Kf4 73.Rb2 Rd4 74.Re2 Ra4 75.Rb2 Rc4 76.Re2 Rd4 77.Ra2 Ke3 78.Ra5 Rd2+
79.Kg1 Rd1+ 80.Kg2 Rd2+ 81.Kg1 Kf4 82.Ra4+ Rd4 83.Ra2 Kxf3 84.Rg2 g4 85.Rf2+ Kg3  0-1

[Event "15th HIT Open A"]
[Site "Nova Gorica SLO"]
[Date "2010.02.02"]
[Round "4"]
[White "Gjuran,D"]
[Black "Tonel,G"]
[Result "1-0"]
[WhiteElo "2358"]
[BlackElo "2004"]

1.e4 c5 2.c3 Nf6 3.e5 Nd5 4.Nf3 Nc6 5.d4 cxd4 6.cxd4 d6 7.Bc4 e6 8.O-O Be7
9.a3 O-O 10.Re1 b6 11.b4 Qc7 12.Qe2 dxe5 13.dxe5 Bb7 14.Nbd2 Nf4 15.Qe3 Ng6
16.Bb2 a5 17.b5 Bc5 18.Qg5 Nce7 19.h4 Nf5 20.h5 Be7 21.Qg4 Nh6 22.Qg3 Bxf3
23.hxg6 Bh5 24.gxf7+ Bxf7 25.Rac1 Nf5 26.Qg4 Bc5 27.Ne4 Qe7 28.Rcd1 Kh8 29.Rd3 Rad8
30.Red1 Bg6 31.Nxc5 bxc5 32.a4 Bf7 33.Bc3 Bg6 34.Rxd8 Rxd8 35.Rxd8+ Qxd8
36.Bxe6 Qd3 37.Qf3 Qb1+ 38.Kh2  1-0

[Event "8th Gibtelecom Masters"]
[Site "Caleta ENG"]
[Date "2010.02.03"]
[Round "9"]
[White "Grant,D SCO"]
[Black "Bishop,G"]
[Result "0-1"]
[WhiteElo "1913"]
[BlackElo "1851"]

1.e4 c5 2.c3 Nf6 3.e5 Nd5 4.d4 cxd4 5.cxd4 d6 6.f4 Nc6 7.Nc3 Nxc3 8.bxc3 e6
9.Nf3 Be7 10.Bd3 O-O 11.O-O b6 12.Qe1 Bb7 13.Qe4 g6 14.Qe3 Rc8 15.f5 dxe5
16.Qh6 exf5 17.Ng5 Bxg5 18.Bxg5 f6 19.Bd2 Nxd4 20.cxd4 Qxd4+ 21.Qe3 Qxe3+
22.Bxe3 Rc3 23.Rfd1 e4 24.Bh6 exd3 25.Bxf8 Kxf8 26.Rac1 Rc2 27.g3 Rg2+ 28.Kf1 Rxh2
29.a3 d2 30.Rc3 Ba6+  0-1

[Event "2nd Chennai Open"]
[Site "Chennai IND"]
[Date "2010.02.03"]
[Round "11"]
[White "Fenil,S"]
[Black "Manik,M"]
[Result "1/2-1/2"]
[WhiteElo "2201"]
[BlackElo "2435"]

1.e4 c5 2.c3 Nf6 3.e5 Nd5 4.d4 cxd4 5.Nf3 e6 6.cxd4 d6 7.a3 Nd7 8.Bd3 Qc7
9.O-O Be7 10.Re1 b6 11.Nbd2 Nf4 12.Be4 Rb8 13.exd6 Bxd6 14.d5 O-O 15.Nc4 Nxd5
16.Bxd5 exd5 17.Qxd5 Bc5 18.Qe4 Bb7 19.Bf4 Bxe4 20.Bxc7 Rbc8 21.Bd6 Bxf3
22.gxf3 Bxd6 23.Nxd6  1/2-1/2

[Event "ch-ROU m"]
[Site "Baile Olanesti ROU"]
[Date "2010.02.04"]
[Round "6"]
[White "Tufa,M"]
[Black "Martian,D"]
[Result "1-0"]
[WhiteElo "2076"]
[BlackElo "1867"]

1.e4 c5 2.c3 Nf6 3.f3 Nc6 4.d4 cxd4 5.cxd4 e6 6.Nc3 Bb4 7.Be3 b6 8.Bd3 O-O
9.Ne2 Be7 10.O-O Nb4 11.Bb1 Ba6 12.a3 Bxe2 13.Nxe2 Na6 14.Qd3 Nc7 15.e5 g6
16.exf6 Bxf6 17.Nc3 d5 18.Bh6 Re8 19.Bf4 e5 20.Bxe5 Bxe5 21.dxe5 Rxe5 22.Ba2 Qe7
23.Rad1 Re8 24.Nxd5 Nxd5 25.Bxd5 Re2 26.Qd4 Rc8 27.Be4 Qh4 28.Rf2 Rxf2 29.Qxf2 Qg5
30.Qd4 h5 31.Bb7 Re8 32.h4 Qe7 33.Be4 Qxh4 34.Qa4 Re6 35.Qxa7 Qg3 36.Qa8+ Kh7
37.Qf8 Rf6 38.Qd8 Rf4 39.Qd2 Rh4 40.Qe1 Qh2+ 41.Kf2 Rh3 42.Bxg6+ Kxg6 43.Qe4+ Kg7
44.Qd4+ Kh7 45.Qd6 Qxd6 46.Rxd6 Rh4 47.Rxb6 Ra4 48.Rb4 Ra6 49.a4 Kg6 50.b3 Kg5
51.Rb5+ f5 52.a5 Rc6 53.Kg3 h4+ 54.Kh2 Rc1 55.Rb4 h3 56.Kxh3 Rc8 57.f4+ Kh5
58.a6 Rc3+ 59.g3 Rc8 60.a7 Ra8 61.Ra4 Rc8 62.a8=R Rc6 63.R4a5 Rf6 64.g4+ Kh6
65.g5+ Kh5 66.Rh8+ Kg6 67.Rh6+ Kg7 68.Rxf6 Kh7 69.Rf7+ Kg6  1-0

[Event "ch-ROU m"]
[Site "Baile Olanesti ROU"]
[Date "2010.02.04"]
[Round "6"]
[White "Spirea,Mihai"]
[Black "Stanculescu,C"]
[Result "1-0"]
[WhiteElo "1982"]
[BlackElo "2229"]

1.e4 c5 2.c3 Nf6 3.e5 Nd5 4.d4 cxd4 5.Bc4 Nb6 6.Bb3 d5 7.cxd4 Bf5 8.Nf3 Nc6
9.O-O Qd7 10.Nc3 Na5 11.Bd2 Nxb3 12.Qxb3 Bg4 13.e6 Bxe6 14.Ne5 Qd8 15.Rac1 Rc8
16.Bf4 g5 17.Bg3 Bg7 18.Nb5 a6 19.Nc7+ Rxc7 20.Nxf7 Bxf7 21.Bxc7 Qd7 22.Bxb6 O-O
23.Rc7 Qf5 24.Rxe7 Bf6 25.Rxb7 Bh5 26.Bc5 Be2 27.Re1 Bd3 28.Rb8 Rxb8 29.Qxb8+ Kg7
30.Bf8+  1-0

[Event "ch-ROU w"]
[Site "Baile Olanesti ROU"]
[Date "2010.02.05"]
[Round "7"]
[White "Moldovan,Corina"]
[Black "Anusca,M"]
[Result "1/2-1/2"]
[WhiteElo "2257"]
[BlackElo "2024"]

1.e4 c5 2.c3 Nf6 3.e5 Nd5 4.d4 cxd4 5.Nf3 Nc6 6.Bc4 e6 7.cxd4 d6 8.Qe2 dxe5
9.dxe5 Be7 10.O-O O-O 11.Nc3 Nxc3 12.bxc3 Qa5 13.Bd2 Rd8 14.Rab1 a6 15.Rfe1 Bf8
16.Bb3 Ne7 17.Nd4 Nf5 18.Nf3 Bd7 19.Rbd1 Ba4 20.Qe4 Bxb3 21.axb3 Qd5 22.Qc2 Qc6
23.Bg5 Be7 24.Bxe7 Nxe7 25.Nd4 Qc7 26.c4 Rd7 27.Nf3  1/2-1/2

[Event "Noteboom Mem"]
[Site "Leiden NED"]
[Date "2010.02.13"]
[Round "3"]
[White "Stewart,N"]
[Black "Villwock,M"]
[Result "1/2-1/2"]
[WhiteElo "2327"]
[BlackElo "2212"]

1.e4 c5 2.c3 Nf6 3.e5 Nd5 4.d4 cxd4 5.Nf3 Nc6 6.cxd4 g6 7.Bc4 Nb6 8.Bb3 Bg7
9.O-O O-O 10.Qe2 d6 11.h3 Bf5 12.Rd1 Na5 13.Nc3 a6 14.e6 Nxb3 15.exf7+ Rxf7
16.axb3 Qd7 17.Be3 Raf8 18.Ng5 Rf6 19.d5 Na8 20.Bd4 Nc7 21.Bxf6 Bxf6 22.Nce4 Bg7
23.Ng3 h6 24.Nxf5 Rxf5 25.Ne6 Nxd5 26.Nxg7 Kxg7 27.Re1 e5 28.g3 Rg5 29.Kh2 Rh5
30.Qf1 Nb4 31.Rad1 Nc2 32.Re4 Nd4 33.g4 Nf3+ 34.Kg3 Ng5 35.gxh5 Nxe4+ 36.Kh2 Qf5
37.Qg2 Ng5 38.Qxb7+ Kh8 39.Qb8+ Kg7 40.Qc7+ Nf7 41.Rxd6  1/2-1/2

[Event "Open"]
[Site "Novy Bor CZE"]
[Date "2010.02.14"]
[Round "2"]
[White "Vrana,J"]
[Black "Oresky,J"]
[Result "1-0"]
[WhiteElo "2298"]
[BlackElo "2144"]

1.e4 c5 2.c3 Nf6 3.e5 Nd5 4.d4 cxd4 5.Nf3 d6 6.cxd4 Nc6 7.Bc4 Nb6 8.Bb5 dxe5
9.Nxe5 Bd7 10.Nxd7 Qxd7 11.Nc3 Rd8 12.O-O a6 13.Bxc6 Qxc6 14.Re1 Nd5 15.Ne4 Nf6
16.Nxf6+ gxf6 17.Be3 e6 18.Rc1 Qb5 19.Qf3 Be7 20.Rc7 Rd7 21.Rxd7 Qxd7 22.d5 h5
23.h3 e5 24.d6 Bd8 25.Rd1 f5 26.Qd5 f6 27.f4 e4 28.Kh2 Kf8 29.Rd4 Rg8 30.Rb4 b5
31.g3 Ba5 32.Rb3 h4 33.g4 fxg4 34.Qxe4 gxh3 35.Bc5 Rg2+ 36.Kh1 Bd8 37.f5 Rg3
38.Rf3 Qc8 39.Qd5 Qd7 40.Kh2 Rxf3 41.Qxf3 Qc8 42.b4 Qd7 43.Kxh3 a5 44.a3 axb4
45.axb4 Kg8 46.Kxh4 Qf7 47.Qg4+ Kh7 48.Qh5+ Kg7 49.Qxf7+ Kxf7 50.Kh5 Kg7
51.Kg4  1-0

[Event "TCh-SUI NatLigaA"]
[Site "Switzerland SUI"]
[Date "2010.02.14"]
[Round "1"]
[White "Gabersek,A"]
[Black "Drabke,L"]
[Result "0-1"]
[WhiteElo "2111"]
[BlackElo "2439"]

1.e4 c5 2.c3 Nf6 3.e5 Nd5 4.d4 cxd4 5.Nf3 e6 6.cxd4 d6 7.Bc4 Nc6 8.O-O Be7
9.Re1 O-O 10.Nc3 dxe5 11.Nxe5 Nxe5 12.Rxe5 Bf6 13.Re4 Nxc3 14.bxc3 Bd7 15.Bf4 Rc8
16.Qb3 Qa5 17.Re3 Ba4 18.Qxb7 Rxc4 19.Bd6 Bc6  0-1

[Event "BSF 75th Ann."]
[Site "Bronshoj DEN"]
[Date "2010.02.15"]
[Round "1"]
[White "Huguet,S"]
[Black "Christensen,Es"]
[Result "1-0"]
[WhiteElo "2138"]
[BlackElo "2008"]

1.e4 c5 2.c3 Nf6 3.e5 Nd5 4.d4 cxd4 5.Nf3 e6 6.cxd4 b6 7.Nc3 Nxc3 8.bxc3 Qc7
9.Bd2 Bb7 10.Bd3 d6 11.O-O Nd7 12.Bf4 Be7 13.Re1 O-O 14.Rc1 dxe5 15.Nxe5 Nxe5
16.Bxe5 Bd6 17.Bxh7+ Kxh7 18.Qh5+ Kg8 19.Bxg7 Bxh2+ 20.Kh1 Bxg2+ 21.Kxg2 Kxg7
22.Qg5+ Kh8 23.Re3 f6 24.Rh3+  1-0

[Event "TCh-Eur Seniors"]
[Site "Dresden GER"]
[Date "2010.02.16"]
[Round "7"]
[White "Rosino,A"]
[Black "Stepak,Y"]
[Result "1/2-1/2"]
[WhiteElo "2245"]
[BlackElo "2236"]

1.e4 c5 2.c3 Nf6 3.e5 Nd5 4.d4 cxd4 5.Nf3 e6 6.cxd4 b6 7.Bd3 Bb7 8.Nc3 Nxc3
9.bxc3 Qc7 10.Bd2 d6 11.O-O Nd7 12.Re1 dxe5 13.Nxe5 Nxe5 14.Rxe5 Bd6 15.Bb5+ Kf8
16.Rh5 Be4 17.Qe2 Bg6 18.Rh4 Rd8 19.Re1 Kg8 20.Qf3 h6 21.Bf4 Bxf4 22.Rxf4 Kh7
23.h4 h5 24.Re5 Kg8 25.Qe3 Rd5 26.c4 Rxe5 27.Qxe5 Qxe5 28.dxe5 Kh7 29.Rd4 Rc8
30.Rd7 a6 31.Bxa6 Ra8 32.Bb5 Rxa2 33.Rd6 Re2 34.Rxb6 Rxe5 35.f3  1/2-1/2

[Event "Open"]
[Site "Novy Bor CZE"]
[Date "2010.02.16"]
[Round "5"]
[White "Jinova,L"]
[Black "Ter Karapetian,Al"]
[Result "1-0"]
[WhiteElo "2149"]
[BlackElo "2178"]

1.e4 c5 2.c3 Nf6 3.e5 Nd5 4.d4 cxd4 5.Nf3 Nc6 6.cxd4 d6 7.exd6 e6 8.Nc3 Bxd6
9.Bd3 Be7 10.O-O O-O 11.a3 Nf6 12.Bc2 b6 13.Qd3 Bb7 14.Re1 g6 15.Bh6 Re8
16.Rad1 a6 17.h4 b5 18.h5 Nxh5 19.d5 Na5 20.d6 Bf6 21.d7 Re7 22.g4 Nc4 23.Ne4 Nxb2
24.Nxf6+ Nxf6 25.Qd4 e5 26.Nxe5 Nxd1 27.Rxd1 Nd5 28.Bb3 Qc7 29.Nxg6  1-0

[Event "Uxbridge Int Alekhine"]
[Site "Uxbridge ENG"]
[Date "2010.02.16"]
[Round "6"]
[White "Seyfried,C"]
[Black "Gormally,D"]
[Result "0-1"]
[WhiteElo "2067"]
[BlackElo "2479"]

1.e4 c5 2.c3 Nf6 3.e5 Nd5 4.Nf3 e6 5.d4 cxd4 6.cxd4 d6 7.Nc3 Nxc3 8.bxc3 Qc7
9.Qb3 Nc6 10.exd6 Bxd6 11.Be2 O-O 12.Ba3 b6 13.O-O Bb7 14.Bxd6 Qxd6 15.Rfe1 Rac8
16.Rac1 Rc7 17.Bd3 Rfc8 18.Bb1 Na5 19.Qc2 g6 20.Qd3 Qa3 21.Ne5 Rxc3 22.Rxc3 Qxc3
23.Qe3 Qxe3 24.fxe3 Nc4 25.Nf3 Bxf3 26.gxf3 Nd2 27.Be4 Nxe4 28.fxe4 Rc2 29.Rd1 Kf8
30.d5 exd5 31.exd5 Ke7  0-1

[Event "Uxbridge Int Alekhine"]
[Site "Uxbridge ENG"]
[Date "2010.02.16"]
[Round "7"]
[White "Poobalasingam,P"]
[Black "Byron,A"]
[Result "0-1"]
[WhiteElo "2341"]
[BlackElo "2196"]

1.e4 c5 2.c3 Nf6 3.e5 Nd5 4.g3 d6 5.exd6 Qxd6 6.Bg2 Nc6 7.Ne2 g6 8.Na3 Nc7
9.O-O Bg7 10.Nc4 Qd7 11.d3 O-O 12.Be3 Ne6 13.Qc2 Rb8 14.Rfd1 Rd8 15.b4 b5
16.Nd2 cxb4 17.d4 bxc3 18.d5 Nb4 19.dxe6 Nxc2 20.exd7 Rxd7 21.Bc6 Nxe3 22.Bxd7 Nxd1
23.Bxc8 c2  0-1

[Event "BSF 75th Ann."]
[Site "Bronshoj DEN"]
[Date "2010.02.17"]
[Round "5"]
[White "Huguet,S"]
[Black "Petersen,Nil"]
[Result "1/2-1/2"]
[WhiteElo "2138"]
[BlackElo "2059"]

1.e4 c5 2.c3 Nf6 3.e5 Nd5 4.d4 cxd4 5.Nf3 e6 6.cxd4 b6 7.Nc3 Nxc3 8.bxc3 Qc7
9.Bd2 Bb7 10.Bd3 d6 11.O-O Nd7 12.Bf4 Rc8 13.Re1 dxe5 14.Nxe5 Nxe5 15.Bxe5 Bd6
16.Rc1 Bxe5 17.Rxe5 g6 18.Bb5+ Bc6 19.Bxc6+ Qxc6 20.d5 Qd6 21.dxe6 Qxd1+
22.Rxd1 Rxc3 23.Red5 Ke7 24.exf7 Rc7  1/2-1/2

[Event "BSF 75th Ann."]
[Site "Bronshoj DEN"]
[Date "2010.02.17"]
[Round "5"]
[White "Nielsen,LA"]
[Black "Akdag,D"]
[Result "1-0"]
[WhiteElo "2248"]
[BlackElo "2157"]

1.e4 c5 2.c3 Nf6 3.e5 Nd5 4.Nf3 Nc6 5.d4 cxd4 6.cxd4 d6 7.exd6 e6 8.Nc3 Bxd6
9.Bd3 Nf4 10.Bxf4 Bxf4 11.O-O O-O 12.Re1 g6 13.Bb5 Ne7 14.Ne5 a6 15.Ba4 Bh6
16.Bb3 Rb8 17.d5 exd5 18.Nxd5 Nxd5 19.Bxd5 Qb6 20.Nxf7 Rxf7 21.Qf3 Qc7 22.Re8+ Bf8
23.Rae1 h5 24.R8e7 Be6 25.Rxc7  1-0

[Event "Open"]
[Site "Novy Bor CZE"]
[Date "2010.02.18"]
[Round "7"]
[White "Machan,J"]
[Black "Ter Karapetian,Ar"]
[Result "0-1"]
[WhiteElo "1710"]
[BlackElo "2063"]

1.e4 c5 2.c3 Nf6 3.e5 Nd5 4.d4 cxd4 5.cxd4 Nc6 6.Nf3 d6 7.exd6 Qxd6 8.Nc3 Bg4
9.Be2 Rd8 10.O-O e6 11.Be3 Be7 12.Rc1 O-O 13.Qb3 Qb8 14.Rfd1 f5 15.Nxd5 exd5
16.Re1 Bb4 17.Red1 f4 18.Bd2 Be7 19.Bc3 Bf6 20.Re1 Rfe8 21.Rcd1 Qc8 22.h3 Bh5
23.Ne5 Bxe2 24.Rxe2 f3 25.Re3 fxg2 26.Rde1 Bxe5 27.dxe5 Qe6 28.Bd2 Rd7 29.a3 Rf7
30.Rg3 Ref8 31.f4 Nd4 32.Qd3 Nf5 33.Rxg2 d4 34.Qe4 Rd8 35.Rg5 a6 36.Kh2 Rc8
37.Rg2 Rfc7 38.Ree2 Kh8 39.Ba5 Rf7 40.Bd2 b6 41.Rg5 Rd8 42.Reg2 a5 43.R5g4 Rc8
44.h4 Rd8 45.Kh1 Rc7 46.Kh2 Rf8 47.Rg5 Nxh4 48.Rh5 Nf5 49.Rh3 g6 50.Rf2 Rfc8
51.b4 a4 52.Rg2 b5 53.Rf2 Rf8 54.Rg2 Rd7 55.Rd3 Rc8 56.Rh3 Qc6 57.Qxc6 Rxc6
58.Rd3 Kg7 59.Re2 Kf7 60.Kg2 Ke6 61.Kf3 Rc2 62.Ke4 Rb2 63.Rf2 Rc7 64.Be1 Rb1
65.Bd2 Rd1 66.Rh2 Rc2 67.Re2 Ra2 68.Rh2 Rc2 69.Re2 Rb2 70.Rh2 Ra2 71.Rf2 h5
72.Rh2 Re1+ 73.Kf3 Rea1 74.Ke4 Rxa3 75.Rg2 Nh4 76.Rh2 Rxd3 77.Kxd3 Nf3 78.Rf2 Nxd2
79.Rxd2 Rb1 80.Kxd4 Rxb4+ 81.Ke3 a3 82.Rd6+ Ke7  0-1

[Event "14th Open"]
[Site "Guingamp-Pabu FRA"]
[Date "2010.02.20"]
[Round "2"]
[White "Baudon,A"]
[Black "Jakubowski,K"]
[Result "0-1"]
[WhiteElo "1933"]
[BlackElo "2502"]

1.e4 c5 2.c3 Nf6 3.e5 Nd5 4.d4 cxd4 5.Nf3 Nc6 6.cxd4 d6 7.Bc4 Nb6 8.Bb5 Bd7
9.exd6 e6 10.Bg5 Qb8 11.Be7 Bxe7 12.dxe7 Nxe7 13.Bxd7+ Nxd7 14.Nc3 O-O 15.O-O Nf6
16.Qa4 Rd8 17.Rfd1 a6 18.Rac1 Qf4 19.Ne2 Qd6 20.Qb3 b5 21.Qe3 Rac8 22.Rxc8 Rxc8
23.Rc1 Rxc1+ 24.Qxc1 Nfd5 25.Ne5 f6 26.Nd3 Kf7 27.Qc5 Qd8 28.b4 g5 29.Ng3 Qa8
30.Ne4 h5 31.Qd6 Nf5 32.Qd7+ Nde7 33.Ndc5 Qd5 34.Qxd5 Nxd5 35.Nxa6 Nxd4 36.Nec5 Nc3
37.Nc7 Nxa2 38.Ne4 Ke7 39.h3 g4 40.hxg4 hxg4 41.Kf1 f5 42.Ng5 Nxb4 43.Ke1 Kd7
44.Nxb5 Nxb5 45.Kd2 Ke7 46.g3 Nd4 47.Ke3 e5 48.f4 gxf3 49.Nh3 Nd5+ 50.Kf2 e4  0-1

[Event "Open"]
[Site "Novy Bor CZE"]
[Date "2010.02.20"]
[Round "9"]
[White "Jinova,L"]
[Black "Ter Karapetian,Ar"]
[Result "0-1"]
[WhiteElo "2149"]
[BlackElo "2063"]

1.e4 c5 2.c3 Nf6 3.e5 Nd5 4.d4 cxd4 5.Nf3 Nc6 6.cxd4 d6 7.exd6 Qxd6 8.Nc3 Bg4
9.Be2 e6 10.O-O Be7 11.Be3 O-O 12.Qd2 Rad8 13.Rfe1 Rfe8 14.Rad1 a6 15.h3 Bh5
16.a3 Bg6 17.Bd3 Bh5 18.g4 Bg6 19.h4 Nxe3 20.Qxe3 Bxd3 21.Rxd3 e5 22.d5 Qd7
23.Qe4 Bc5 24.b4 Ba7 25.Kg2 f6 26.Kg3 Nd4 27.h5 b5 28.Kg2 Rc8 29.Nd1 Nc2
30.Re2 Rc4 31.Nd4 Nxd4  0-1

[Event "IFPX Categoria A"]
[Site "Sao Paulo BRA"]
[Date "2010.02.20"]
[Round "2"]
[White "Van Riemsdijk,D"]
[Black "Tsuboi,E"]
[Result "1/2-1/2"]
[WhiteElo "2190"]
[BlackElo "2413"]

1.e4 c5 2.c3 Nf6 3.e5 Nd5 4.d4 cxd4 5.Nf3 Nc6 6.Bc4 Nb6 7.Bb3 d6 8.exd6 Qxd6
9.O-O Be6 10.Bxe6 Qxe6 11.Nxd4 Qd7 12.Be3 e6 13.Nd2 Nd5 14.Nc4 Be7 15.Nxc6 Qxc6
16.Ne5 Qc7 17.Qa4+ Kf8 18.Bd4 f6 19.Nd3 Kf7 20.c4 Nb6 21.Bxb6 axb6 22.Qb3 Bd6
23.h3 Rhd8 24.Rfe1 Bc5 25.Nxc5 bxc5 26.Qf3 g6 27.Re4 e5 28.Rae1 Kg7 29.a3 Rd4
30.Rxd4 cxd4 31.b4 Rd8 32.g4 d3 33.Rd1 Rd4 34.c5 Qd7 35.Rd2 f5 36.gxf5 gxf5
37.Qg3+ Kf6 38.f4 exf4 39.Qf3 Qg7+ 40.Kf2 Qd7 41.h4 Kg7  1/2-1/2

[Event "IFPX Categoria A"]
[Site "Sao Paulo BRA"]
[Date "2010.02.20"]
[Round "2"]
[White "Van Riemsdijk,D"]
[Black "Tsuboi,E"]
[Result "1/2-1/2"]
[WhiteElo "2190"]
[BlackElo "2413"]

1.e4 c5 2.c3 Nf6 3.e5 Nd5 4.d4 cxd4 5.Nf3 Nc6 6.Bc4 Nb6 7.Bb3 d6 8.exd6 Qxd6
9.O-O Be6 10.Bxe6 Qxe6 11.Nxd4 Qd7 12.Be3 e6 13.Nd2 Nd5 14.Nc4 Be7 15.Nxc6 Qxc6
16.Ne5 Qc7 17.Qa4+ Kf8 18.Bd4 f6 19.Nd3 Kf7 20.c4 Nb6 21.Bxb6 axb6 22.Qb3 Bd6
23.h3 Rhd8 24.Rfe1 Bc5 25.Nxc5 bxc5 26.Qf3 g6 27.Re4 e5 28.Rae1 Kg7 29.a3 Rd4
30.Rxd4 cxd4 31.b4 Rd8 32.g4 d3 33.Rd1 Rd4 34.c5 Qd7 35.Rd2 f5 36.gxf5 gxf5
37.Qg3+ Kf6 38.f4 exf4 39.Qf3 Qg7+ 40.Kf2 Qd7 41.h4 Kg6 42.Ke1 Qe6+ 43.Kf1 Qe3
44.Qg2+ Kf6 45.Qg5+ Ke6 46.Qg8+ Ke5 47.Qg7+ Ke6 48.Qg8+ Kd7 49.Qxh7+ Kc6
50.b5+ Kxc5 51.Qc7+ Kd5 52.Qxb7+ Kc4 53.Qc6+ Kb3 54.Qc1 Qf3+ 55.Kg1 Qg3+
56.Kf1 Qf3+ 57.Kg1 Qg3+  1/2-1/2

[Event "NordWest-Cup"]
[Site "Bad Zwischenahn GER"]
[Date "2010.02.21"]
[Round "6"]
[White "Cremer,J"]
[Black "Jugelt,T"]
[Result "0-1"]
[WhiteElo "2160"]
[BlackElo "2392"]

1.e4 c5 2.c3 Nf6 3.e5 Nd5 4.d4 cxd4 5.Nf3 Nc6 6.Bc4 Nb6 7.Bb3 d5 8.exd6 Qxd6
9.O-O g6 10.Ng5 e6 11.Qf3 Qe7 12.Qg3 Bg7 13.Bf4 h6 14.Nf3 e5 15.Re1 Be6 16.Bxe5 Nxe5
17.Nxe5 Bxb3 18.axb3 O-O 19.cxd4 Qb4 20.Qc3 Nd5 21.Qxb4 Nxb4 22.Na3 Rfd8
23.Red1 Rd5 24.Nac4 Rad8 25.f4 a6 26.Rac1 Rxd4 27.Rxd4 Rxd4 28.g3 Nd3 29.Rd1 Nxe5
30.Rxd4 Nf3+ 31.Kf2 Nxd4  0-1

[Event "Max Euwe Challenge"]
[Site "Amsterdam NED"]
[Date "2010.02.23"]
[Round "5"]
[White "Afek,Y"]
[Black "Riemersma,L"]
[Result "1/2-1/2"]
[WhiteElo "2280"]
[BlackElo "2431"]

1.e4 c5 2.c3 Nf6 3.e5 Nd5 4.Nf3 d6 5.Bc4 e6 6.O-O Nc6 7.d4 cxd4 8.cxd4 Be7
9.Qe2 O-O 10.Qe4 Bd7 11.a3 Rc8 12.Bd3 f5 13.exf6 Nxf6 14.Qe2 Qe8 15.Nc3 Qh5
16.Bf4 Qg4 17.Be3 Qh5 18.h3 Nd5 19.Nxd5 Qxd5 20.Rad1 b5 21.Bxb5 Rxf3 22.gxf3 Qf5
23.d5 exd5 24.Bxc6 Rxc6 25.Rc1 d4 26.Rxc6 Bxc6 27.Bd2 Bg5 28.f4 Qxh3 29.f3 Bb5
30.Qxb5  1/2-1/2

[Event "Masters B"]
[Site "Nancy FRA"]
[Date "2010.02.23"]
[Round "2"]
[White "Henris,L"]
[Black "Stets,D"]
[Result "0-1"]
[WhiteElo "2302"]
[BlackElo "2444"]

1.e4 c5 2.c3 Nf6 3.e5 Nd5 4.Nf3 Nc6 5.d4 cxd4 6.Bc4 e6 7.cxd4 d6 8.O-O Be7
9.Qe2 O-O 10.Nc3 Nxc3 11.bxc3 dxe5 12.dxe5 b6 13.Bd3 Qc7 14.Qe4 g6 15.Bh6 Rd8
16.Rad1 Bb7 17.Qf4 Na5 18.Ng5 f5 19.Qg3 Bxg5 20.Qxg5 Qxe5 21.Bc4 Rxd1 22.Rxd1 Bd5
23.Bxd5 exd5 24.Qd2 Re8 25.h3 Nc4 26.Qxd5+ Qxd5 27.Rxd5 Kf7 28.Rd7+ Re7 29.Rxe7+ Kxe7
30.Kf1 Ke6 31.Ke2 Kd5 32.Bg7 Nd6 33.Kd3 b5 34.f3 Nb7 35.Bf8 a5 36.Be7 Nc5+
37.Kc2 Ne6 38.g3 Kc4 39.h4 h5 40.Bd6 Nd8 41.Kd2 Nc6 42.Bc7 a4 43.Bd6 Kd5
44.Bc7 b4 45.cxb4 Nxb4 46.a3 Nc6 47.Ke3 Nd4 48.Ba5 Nc2+ 49.Kf4 Nxa3 50.Bb4 Nc2
51.Bf8 Nd4 52.Ba3 Ne6+ 53.Ke3 Kc4 54.g4 Kb3 55.gxf5 gxf5 56.Be7 a3 57.Bf6 Kc2
58.Bh8 Nc5  0-1

[Event "CMB Breizh Masters Women"]
[Site "Guingamp-Pabu FRA"]
[Date "2010.02.24"]
[Round "6"]
[White "Brunello,R"]
[Black "Le Diouron,A"]
[Result "1-0"]
[WhiteElo "2043"]
[BlackElo "1980"]

1.e4 c5 2.c3 Nf6 3.e5 Nd5 4.d4 cxd4 5.Nf3 e6 6.cxd4 d6 7.Bc4 Nc6 8.O-O Be7
9.exd6 Qxd6 10.Re1 O-O 11.Nc3 Rd8 12.Bb3 Nf6 13.Be3 b6 14.Qe2 Bb7 15.Rad1 Nb4
16.Ne5 Nbd5 17.Nb5 Qb8 18.Bg5 a6 19.Nc3 Qa7 20.Nxf7 Kxf7 21.Qxe6+ Kf8 22.Bxf6  1-0

[Event "ch-IND National Teams"]
[Site "Gurgaon IND"]
[Date "2010.02.24"]
[Round "5"]
[White "Tiwari,As"]
[Black "Srivastava,Mi"]
[Result "1-0"]
[WhiteElo "2112"]
[BlackElo "1966"]

1.e4 c5 2.c3 Nf6 3.e5 Nd5 4.d4 cxd4 5.Nf3 e6 6.Bc4 Nb6 7.Bb3 dxc3 8.Nxc3 Bb4
9.O-O d5 10.exd6 Qxd6 11.Qe2 Bxc3 12.bxc3 O-O 13.Rd1 Qc7 14.Qe4 N8d7 15.Bf4 Nf6
16.Qxh7+ Kxh7 17.Bxc7 Nbd5 18.Be5 b5 19.a4 bxa4 20.Rxa4 Kg8 21.c4 Nb6 22.Ra5 Bb7
23.Bxf6 gxf6 24.Nd4 Rfc8 25.c5 Nd5 26.Rda1 a6 27.h4 Nf4 28.g3 Nd3 29.Nxe6 fxe6
30.Bxe6+ Kf8 31.Bxc8 Rxc8 32.Rd1 Ne5 33.f4 Nc4 34.Ra2 Rxc5 35.Rd7 Rb5 36.Rc2 Bc6
37.Rc7 Rc5 38.h5 a5 39.h6 Kg8 40.Rc1 a4 41.Rb1 Rb5 42.Re1 Nd2 43.h7+ Kh8
44.Ree7 Rb1+ 45.Kf2 Ne4+ 46.Kg2 Ng5+ 47.Rxc6 Rb2+ 48.Kf1 Rb1+ 49.Ke2 Rb2+
50.Kd1 Rb8 51.fxg5 fxg5 52.Rg6 a3 53.Rg8+  1-0

[Event "18th Fajr Open"]
[Site "Mashhad IRI"]
[Date "2010.02.24"]
[Round "7"]
[White "Asadi,S"]
[Black "Hosseinzadeh,N"]
[Result "0-1"]
[WhiteElo "2061"]
[BlackElo "2293"]

1.e4 c5 2.c3 Nf6 3.e5 Nd5 4.d4 d6 5.Bc4 dxe5 6.dxe5 e6 7.Nf3 Nc6 8.O-O Be7
9.Qe2 Qc7 10.Rd1 Nb6 11.Bd3 Bd7 12.Bf4 g5 13.Nxg5 Nd5 14.Qh5 Bxg5 15.Bxg5 Qxe5
16.Qh4 f6 17.Bd2 O-O-O 18.Na3 Nce7 19.Qc4 Nb6 20.Qe4 Ng6 21.Be3 Bc6 22.Qxe5 Nxe5
23.Bb5 Bd5 24.Bxc5 Rdg8 25.Bf1 Na4 26.Be7 Rg6 27.f4 Nf3+ 28.Kf2 Nxh2 29.f5 Rg5
30.fxe6 Nxf1 31.Rxf1 Re8 32.Bxf6 Rxg2+ 33.Ke3 Rxe6+ 34.Kd4 Rd2+  0-1

[Event "Reykjavik Open"]
[Site "Reykjavik ISL"]
[Date "2010.02.24"]
[Round "1"]
[White "Sigurdarson,Emil"]
[Black "Ptacnikova,L"]
[Result "0-1"]
[WhiteElo "1609"]
[BlackElo "2315"]

1.e4 c5 2.c3 Nf6 3.e5 Nd5 4.d4 cxd4 5.Nf3 e6 6.cxd4 b6 7.Bd3 Bb7 8.O-O Nc6
9.a3 d6 10.Nbd2 Be7 11.Ne4 dxe5 12.dxe5 Qc7 13.Re1 h6 14.Qe2 g5 15.h3 O-O-O
16.Bd2 Kb8 17.Rac1 Rc8 18.Bb5 Ka8 19.Rc2 Qb8 20.Bc3 Nf4 21.Qe3 Na5 22.Nd4 Nc4
23.Bxc4 Rxc4 24.Rec1 Rhc8 25.b3 Nd5 26.Qe1 Nxc3 27.bxc4 Nxe4 28.a4 Qxe5 29.Nb5 Bc5
30.Kf1 Qf4 31.a5 Nxf2  0-1

[Event "Reykjavik Open"]
[Site "Reykjavik ISL"]
[Date "2010.02.24"]
[Round "1"]
[White "Arngrimsson,D"]
[Black "Jonsson,Ol"]
[Result "1-0"]
[WhiteElo "2383"]
[BlackElo "1872"]

1.e4 c5 2.c3 Nf6 3.e5 Nd5 4.d4 cxd4 5.Nf3 e6 6.cxd4 d6 7.Bc4 Nb6 8.Bd3 Nc6
9.a3 dxe5 10.dxe5 Be7 11.O-O Nd5 12.Bd2 O-O 13.Qe2 Bd7 14.Nc3 Rc8 15.Rad1 Qb6
16.Qe4 f5 17.Nxd5 fxe4 18.Nxb6 axb6 19.Bxe4 Rfd8 20.Be3 Bc5 21.Bg5 Ne7 22.b4 h6
23.Bc1 Bb5 24.Rxd8+ Rxd8 25.Re1 Bd4 26.Nxd4 Rxd4 27.Bxb7 Nf5 28.Be4 Bd3 29.Bf3 Rc4
30.Be3 Nxe3 31.fxe3 Rc3 32.Ra1 Rb3 33.Kf2 Kf7 34.h4 Kg6 35.g4 Kf7 36.h5 Bc4
37.Rc1 b5 38.Ra1 Rb2+ 39.Kg3 Rb3 40.Kf4 Ke7 41.Bc6 Rb2 42.Rd1 Rf2+ 43.Kg3 Ra2
44.Rd7+ Kf8 45.Ra7 Re2 46.Kf3 Ra2 47.Ra5 Be2+ 48.Kf4 Bc4 49.Bxb5 Bxb5 50.Rxb5 Rxa3
51.Rb8+ Kf7 52.Rb7+ Kf8 53.b5 Rb3 54.b6 Rb4+ 55.Kf3 Rb1 56.Ke2 Rb5 57.Kd3 Rxe5
58.Ra7  1-0

[Event "18th Fajr Open"]
[Site "Mashhad IRI"]
[Date "2010.02.25"]
[Round "9"]
[White "Tiviakov,S"]
[Black "Shanava,K"]
[Result "1/2-1/2"]
[WhiteElo "2662"]
[BlackElo "2551"]

1.e4 c5 2.c3 Nf6 3.e5 Nd5 4.Nf3 Nc6 5.Bc4 Nb6 6.Bb3 c4 7.Bc2 Qc7 8.Qe2 g5
9.h3 Bg7 10.O-O Nxe5 11.Nxg5 d5 12.a4 h6 13.Nf3 Nbd7 14.b3 Nd3 15.Ba3 N7e5
16.Nxe5 Nf4 17.Qe3 Bxe5 18.Re1 f6 19.Kh1 Rg8 20.Rg1 Be6 21.Bc5 Kf7 22.Bd4 cxb3
23.Bxe5 Qxe5 24.Bxb3 Qxe3 25.dxe3 Nd3 26.Rf1 Rac8 27.Ra3 Nc5  1/2-1/2